Managing Indian Brands (Record no. 2204)

MARC details
000 -LEADER
fixed length control field 00414nam a22001697a 4500
005 - DATE AND TIME OF LATEST TRANSACTION
control field 20160531094107.0
008 - FIXED-LENGTH DATA ELEMENTS--GENERAL INFORMATION
fixed length control field 160531b xxu||||| |||| 00| 0 eng d
020 ## - INTERNATIONAL STANDARD BOOK NUMBER
ISBN 81-259-1308-4
041 ## - LANGUAGE CODE
Language code of text/sound track or separate title eng
082 ## - DEWEY DECIMAL CLASSIFICATION NUMBER
Item number 6219
100 ## - MAIN ENTRY--AUTHOR NAME
Personal name Kumar, S Ramesh
245 ## - TITLE STATEMENT
Title Managing Indian Brands
260 ## - PUBLICATION, DISTRIBUTION, ETC. (IMPRINT)
Place of publication New Delhi
Name of publisher Vikas Publishing House (P) Ltd.
300 ## - PHYSICAL DESCRIPTION
Number of Pages 346
650 ## - SUBJECT ADDED ENTRY--TOPICAL TERM
Topical Term Management
942 ## - ADDED ENTRY ELEMENTS (KOHA)
Koha item type Books
Holdings
Lost status Damaged status Collection code Home library Current library Shelving location Date acquired Cost, normal purchase price Full call number Accession Number Koha item type
    Reference JRU Library   SHELF-29-G 31/05/2016 180.00 6219 6219 Books
    MANAGEMENT JRU Library JRU Library SHELF- 67 L 31/05/2016 180.00 6219 6220 Books
    MANAGEMENT JRU Library JRU Library SHELF- 67 L 31/05/2016 180.00 6219 6221 Books
    MANAGEMENT JRU Library JRU Library SHELF- 67 L 31/05/2016 180.00 6219 6222 Books
    MANAGEMENT JRU Library JRU Library SHELF- 67 L 31/05/2016 180.00 6219 6223 Books
    MANAGEMENT JRU Library JRU Library SHELF- 67 L 31/05/2016 180.00 6219 6224 Books